Statistics for France by Picture

Click here to take the quiz!

General Stats

  • This quiz has been taken 12,562 times
  • The average score is 12 of 16

Answer Stats

Answer % Correct
Eiffel Tower
100%
Champagne
93%
Notre Dame
91%
Musée du Louvre
91%
Arc de Triomphe
90%
Baguette
88%
Macaron
78%
Marie Antoinette
78%
Versailles
77%
Moulin Rouge
73%
Chanel
71%
Charles de Gaulle
70%
Normandy
54%
Cinema
40%
Water Lilies
38%
Pont d'{Avignon}
25%

Score Distribution

Percentile by Number Answered

Percent of People with Each Score

Your Score History

You have not taken this quiz